00996nam a2200205 a 450000100100000000500170001000800410002704000250006808200140009311101030010724500610021026000340027130000200030549000320032583000390035704900090039695201840040595201840058999900170077300003138020200930062905.0110113s1984 dr 001 0 spa d aDO-SdBNPbspacBNPHU axxxxbE562 aEncuentro internacional de escritores "Pablo Neruda".d(1983, sept. 5-11 :cSanto Domingo )95780310aEncuentro internacional de escritores "Pablo Neruda". /. aSanto Domingo :bUASD,c1984. a77 p. ;c28 cm.1 aArte y sociedadv34, no. 13 0aArte y sociedadv34, no. 13924375 aBNPD 0010718PDaPDbPDcCTd2011-06-20iLF1l0oxxxx E56p31380-10r2020-06-25w2020-06-25yLFPDzPerteneció a la biblioteca personal de Aída Cartagena PortalatínZNo se presta 0010718PDaPDbPDcCTd2011-06-22iLF1l0oxxxx E56p31380-20r2020-06-25w2020-06-25yLFPDzPerteneció a la biblioteca personal de Aída Cartagena PortalatínZNo se presta c30872d30872